01099 a2200205 4500003000500000005001700005010001600022020001700038040000900055082001500064100001900079245004800098260004400146300005200190505050300242600003200745650005600777650002700833650003300860Nust20230523123822.0 a 79027769 a0312352166 : cNust00a001.94,STO1 aStory, Ronald.10aGuardians of the universe? /cRonald Story. aNew York :bSt. Martin's Press,cc1980. a207 p., [24] leaves of plates :bill. ;c22 cm. aThe Von Dakniken Mystique (Page-15), Other God Seekers (Page-21), God as Astronaut (Page-29), The Dawn of Man (Page-45), “Mysteries” Of Ancient Mexico and South America (Page-53), The Stone Giants of Easter Island (Page-69), In the Land of the Pharaohs (Page-77), Collector’s Miscellany (Page-89), The Tunguska Event (Page-95), Ancient UFOs and Contact (Page-101), The Sirius Mystery Solve (Page-113), EXO Theology The Religion of Outer Space (Page-127), UFOs: A Genuine Mystery (Page-139).10aD衮iken, Erich von,d1935- 0aCivilization, AncientxExtraterrestrial influences. 0aLife on other planets. 0aUnidentified flying objects.